000 00816nam a2200205 a 4500
008 060420s2004 ||||||||||||||||| || u
020 _a2869781121
050 _aCODESRIA(02)2004/7
100 _aFall, Abdou Salam
245 1 0 _aHousehold economies in West Africa
_cAbdou Salam Fall [and] Omar Saip Sy
246 _aLes economies domestiques en Afrique de l'Ouest
260 _aDakar
_bCouncil for the Development of Social Research in Africa (CODESRIA)
_c2004
300 _axx, 335p.: ill.
350 _a0.00
500 _aBibliography
650 0 _aECONOMICS
650 _aCONSUMPTION--ECONOMICS--WEST AFRICA
700 _aSy, Omar Saip
995 _D0.00
_FCBU-MAIN LIBRARY (Kitwe)
_H1
_I0.00
_M1
_UAVAILABLE
_WApr 20, 2006
_ZInternational Publications
999 _c45701
_d45701